000 00862nam a2200241 i 4500
003 DO-SdBNP
005 20250919112547.0
006 a||||gr|||| 00| 0
007 ta
008 240123e2012 dr ||||| |||| 00| 0 spa d
040 _aDO-SdBNP
_bspa
_cBNPHU
_erda
082 4 _222
_bA911
111 1 _aAudiencia Solemne
_n(1:
_d2012:
_cSanto Domingo)
_984802
245 1 0 _aPalabras pronunciadas por el Dr. Milton Ray Guevara, Magistrado presidente del Tribunal Constitucional :
_baudiencia solemne. día de Duarte.
264 1 _aSanto Domingo :
_bTribunal Constitucional,
_c2012
300 _a24 páginas ;
_c21 cm.
336 _2rdacontent
_atexto
_btxt
337 _2rdamedia
_asin mediación
_bn
338 _2rdacarrier
_avolumen
_bnc
590 _aInventariado 2024 / MF
710 1 _aRepública Dominicana.
_bCorte de Constitucionalidad
_971191
942 _2ddc
_cLF2
999 _c55740
_d55740